| 000 | 01009nam a2200277 a 4500 | ||
|---|---|---|---|
| 001 | 000016287 | ||
| 003 | DO-SdBNP | ||
| 005 | 20230713133914.0 | ||
| 008 | 100303s1997 dr a r 001 0 spa d | ||
| 040 |
_aDO-SdBNP _bspa _cBPMSU |
||
| 082 |
_a302.23097293 _bC957h 1997 _222 |
||
| 100 | 1 |
_aCruz Sánchez, Filiberto _d1955- |
|
| 245 | 1 | 0 |
_aHistoria de los medios de comunicación en República Dominicana / _cFiliberto Cruz Sánchez. |
| 250 | _a2a ed. corr. y amp. | ||
| 260 |
_aSanto Domingo : _bEl Nuevo Diario, _c1997. |
||
| 300 |
_a303 p. : _bil. ; _c21 cm. |
||
| 500 | _aIncluye referencias bibliográficas y notas al pie de las páginas | ||
| 504 | _aBibibliografía : p. 219-222 | ||
| 590 | _aInventariado,2023/VM | ||
| 650 | 4 |
_aPrensa _zRepública Dominicana _xHistoria |
|
| 650 | 4 | _aPolítica y prensa | |
| 650 | 4 |
_aMedios de comunicación de masas _xAspectos políticos |
|
| 650 | 4 |
_aImprenta _xHistoria _zRepública Dominicana |
|
| 910 | _aVMateo V. Control de caliad (BPMSU) | ||
| 942 |
_2ddc _cBK |
||
| 999 |
_c14402 _d14402 |
||